| 000 | 01002cam a2200217 4500 | ||
|---|---|---|---|
| 001 | WB@3612-588 | ||
| 008 | 041110n2004 000 0 eng u | ||
| 035 | _a(Sirsi) u127943 | ||
| 245 | _aUnwelcome casinos | ||
| 260 | _c2004 | ||
| 490 |
_aMunicipal Journal _v4 November 2004, 3(1) |
||
| 520 | _aThe proposed Gambling Bill is felt not to go far enough in preventing unwanted casinos springing up in every town. Government is now set to amend the planning law to prevent casinos opening up via a loophole - at the moment the law allows any leisure facility, such as a cinema or swimming pool, to be converted to a casino without triggering planning controls. It also wants to impose a new duty on councils to consult local communities, to prevent them being bribed into approving unwelcome casinos. | ||
| 590 | _aWB | ||
| 590 | _aWB | ||
| 650 | _aCASINOS | ||
| 650 | _aGAMBLING | ||
| 650 | _aGAMBLING BILL | ||
| 650 | _aLEISURE CENTRES | ||
| 690 | _aLEISURE AND RECREATION | ||
| 942 | _n0 | ||
| 999 |
_c118294 _d118294 |
||